Provisiones, cédulas, instrucciones para el gobierno de la nueva España

Shranjeno v:
Bibliografske podrobnosti
Glavni avtor: Puga, Vasco de (Author)
Format: Knjiga
Jezik:španščina
Izdano: Madrid Cultura Hispánica 1945
Serija:Incunables Americanos Siglo XVI, 3
Teme:
Oznake: Označite
Brez oznak, prvi označite!

MARC

LEADER 00000nam a2200000 a 4500
001 UCH8921
003 CL-VaPUC
008 091217e19450000SP |||||||||||||||||spa|d
082 0 4 |a 980  |b PUG  |2 21 
100 0 |a Puga, Vasco de   |e author  |9 545670 
245 1 0 |a Provisiones, cédulas, instrucciones para el gobierno de la nueva España 
300 |a 213 p 
942 |c BK 
945 |d 20091217 00:00:00  |a rbrito 
260 |a Madrid  |b Cultura Hispánica  |c 1945 
650 0 |a Historia de América  |9 266076 
651 0 |a América  |9 255182 
583 |a last modification  |c 20091217 00:00:00  |k Rodrigo Vera 
490 0 |a Incunables Americanos Siglo XVI, 3 
999 |c 339002  |d 339000 
952 |0 0  |1 0  |4 0  |6 980_000000000000000_PUG_1945  |7 0  |8 X  |9 432319  |a FDOBUD  |b FDOBUD  |d 2019-11-22  |i 4622804  |o 980 PUG 1945  |p 4622804  |r 2019-11-22  |w 2019-11-22  |y BK_X  |k BUD